000 00951naa a2200253 c 4500
001 45991
003 ES-MaCES
005 20150618122614.0
008 150618s2015 sp ||||| t||||||| ||spa d
040 _aES-MaCES
_bspa
_cES-MaCES
_dES-MaCES
100 1 _935780
_aCabanas Ansorena, Custodia
245 1 0 _aMujeres en la alta dirección en España
_cCustodia Cabanas Ansorena
650 4 _928657
_amujeres
650 4 _927183
_aigualdad de oportunidades
650 4 _929521
_adiscriminación por razones de sexo
650 4 _930600
_apoder empresarial
650 4 _927293
_aliderazgo
650 4 _930610
_apotenciación de las mujeres
650 4 _926964
_aEspaña
653 1 0 _aMujer
773 0 _982884
_dMadrid (Padilla, 6, 28006) Estudios de Política Exterior 1997-
_o085788
_tEconomía exterior
_w(ES-MaCES)25630
_gn. 72 (primavera 2015) {10625 R. 085788} ;p. 87-97
902 _aART Artículo de revista
942 _2CES
_cAR
_h3.3.
999 _c45991
_d45991